Tech Talk Intermediate : Teacher's Book (Record no. 342137)

MARC details
000 -LEADER
fixed length control field 00456nam a2200169Ia 4500
008 - FIXED-LENGTH DATA ELEMENTS--GENERAL INFORMATION
fixed length control field 230718s9999 xx 000 0 und d
020 ## - INTERNATIONAL STANDARD BOOK NUMBER
International Standard Book Number 9780194575430
041 ## - LANGUAGE CODE
Language code of text/sound track or separate title eng
082 ## - DEWEY DECIMAL CLASSIFICATION NUMBER
Classification number 428.2
Item number HOL
100 ## - MAIN ENTRY--PERSONAL NAME
Personal name Hollett V.
245 ## - TITLE STATEMENT
Title Tech Talk Intermediate : Teacher's Book
260 ## - PUBLICATION, DISTRIBUTION, ETC. (IMPRINT)
Date of publication, distribution, etc. 2015
Name of publisher, distributor, etc. Oxford
300 ## - PHYSICAL DESCRIPTION
Extent 95
365 ## - TRADE PRICE
Currency code Rs.
Price amount 445.00
700 ## - ADDED ENTRY--PERSONAL NAME
Personal name Hollett V. & Sydes J.
906 ## - LOCAL DATA ELEMENT F, LDF (RLIN)
d O:0510906-Jun-2016B:SE/SI/310629-Apr-2016
c GENRL
b 124.6
Holdings
Withdrawn status Lost status Damaged status Not for loan Home library Current library Date acquired Vendor Budget Code Cost, normal purchase price Bill number Total Checkouts Full call number Barcode Date last seen Discount Cost, replacement price Bill Date Koha item type Original Barcode
        Cummins College of Engineering for Women Pune Cummins College of Engineering for Women Pune 06/06/2016 Suyog Enterprises GENRL 320.40 SE/SI/3106   428.2 CCEP-BK-53344 18/07/2023 124.6 445.00 29/04/2016 Books 053344